000
00322nam a2200145Ia 4500
008
230917s9999||||xx |||||||||||||| ||und||
040
_e
68229
_a
MAIN
041
_a
English
082
_a
531 T757M
100
_a
Troup, G J
245
0
_a
Mechanics
260
_a
Australia
_b
Longman
_c
1976
300
_a
205 p.
942
_c
BK
999
_c
36830
_d
36830